000 00488nam a2200181Ia 4500
005 20250508151144.0
008 008 250505s9999 xx 000 0 hin d
037 _aBooks to be hide in OPAC
040 _aFEDL
_beng
_cFEDL
041 _ahin
_2eng
084 _a398.8, MIS
_qFEDL
100 _aMisra Dayashankar
_9758567
245 0 _aMere geet
260 _aDelhi, India
_bNav Bharat Prakashan
300 _a23p.
942 _cHB
_h398.8, MIS
999 _c1327946
_d1327946